Tous les cantons du Val de Marne sur une carte - Statistiques

Statistiques générales
  • Ce quiz a été pris 99 fois
  • Le résultat moyen est 18 sur 25
Réponses sur la Carte
Les réponses sont colorées sur une échelle allant du rouge au vert en fonction du pourcentage des utilisateurs qui les ont devinées à leur premier essai. Vous pouvez retrouver ces pourcentages ci-dessous.
 
Statistiques - réponses
Canton % Correct
Créteil-1
97%
Créteil-2
97%
Ivry-sur-Seine
92%
Vincennes
90%
Vitry-sur-Seine-1
90%
Vitry-sur-Seine-2
90%
Alfortville
77%
Champigny-sur-Marne-1
77%
Champigny-sur-Marne-2
77%
Saint-Maur-des-Fossés-1
75%
Saint-Maur-des-Fossés-2
75%
Villejuif
75%
Nogent-sur-Marne
74%
Maisons-Alfort
72%
Choisy-le-Roi
70%
Orly
70%
Fontenay-sous-Bois
69%
Le Kremlin-Bicêtre
69%
Cachan
66%
L'Haÿ-les-Roses
64%
Villeneuve-Saint-Georges
64%
Charenton-le-Pont
59%
Villiers-sur-Marne
59%
Thiais
54%
Plateau briard
44%
Aucun quiz correspondant
Distribution des résultats
% des personnes avec chaque résultat
Percentile par nombre de réponses
Votre historique - résultats
Vous n’avez pas pris ce quiz